00471nam a2200181Ia 4500003000400000005001700004008004100021020001500062040000700077041001200084082002300096100001400119245005600133260005100189365001300240650001400253650002200267OSt20250726171335.0210423s2002 xx 000 0 und d a8173915156 cAL aEnglish a307.762 MEHPbMEHP aMehta G S aParticipation of women in the panchayati raj system aJaipurbKanishka Publishers Distributorsc2002 b450cINR aSociology aUrban Communities